00671cam a2200205 a 45000010008000000030004000080050017000120080041000290200015000700400008000850410011000932450095001042460052001992460045002512600033002963000026003295000041003555040051003967000018004472893365csc20200421093819.0000405s1999 stk b 001 0 eng d a0748662197 ccsc0 aenggae03aAn tuil :banthology of 20th century Scottish Gaelic verse /cedited by Ronald I.M. Black.30aAnthology of 20th century Scottish Gaelic verse15aTuil :bduanaire Gàidhlig an 20mh ceud aEdinburgh :bPolygon,c1999. alxx, 825 p. ;c24 cm. aParallel text in English and Gaelic. aIncludes bibliographical references and index.1 aBlack, Ronald